| 000 | 00495cam a22001575a 4500 | ||
|---|---|---|---|
| 001 | J100802 | ||
| 008 | 000000s1915 xxk 000 0 eng u | ||
| 035 | _a(Sirsi) u100802 | ||
| 110 |
_aSurveyors' Institution _93783 |
||
| 245 | 0 | 4 | _aThe incorporated benevolent fund of the Surveyors' Institution committee's report and balance sheet for the year 1914-15. To 30th June 1915. |
| 260 | _c1915 | ||
| 300 | _a14p. | ||
| 651 | 4 |
_aUnited Kingdom _y |
|
| 690 | _aBusiness and management | ||
| 942 | _n0 | ||
| 999 |
_c99840 _d99840 |
||